Т. 4; Сочинения

Bibliografiske detaljer
Parent link:Сочинения: в 4 т./ Г. Бабёф; Академия наук СССР (АН СССР), Институт всеобщей истории (ИВИ). Т. 4.— , 1975-
Hovedforfatter: Бабеф Г. Гракх
Andre forfattere: Далин В. М. Виктор Моисеевич (редактор)
Sprog:russisk
Udgivet: 1982
Fag:
Format: MixedMaterials Bog
KOHA link:https://koha.lib.tpu.ru/cgi-bin/koha/opac-detail.pl?biblionumber=311163

MARC

LEADER 00000nam2a2200000 4500
001 311163
005 20231102002347.0
020 |a RU  |b 82-35614 
035 |a (RuTPU)RU\TPU\book\336518 
090 |a 311163 
100 |a 20151203g1982 km y0rusy5003 ca 
101 1 |a rus  |c fre 
102 |a RU 
105 |a a z 001zy 
200 0 |a Т. 4 
210 |d 1982 
215 |a 615 с.  |c ил. 
320 |a Библиогр.: с. 574-606 
320 |a Именной указатель: с. 607-613 
461 1 |0 (RuTPU)RU\TPU\book\351459  |t Сочинения  |o в 4 т.  |f Г. Бабёф  |g Академия наук СССР (АН СССР), Институт всеобщей истории (ИВИ)  |v Т. 4  |d 1975- 
606 1 |a Французская философия  |x История  |z вторая половина 19-20 в. в.  |2 stltpush  |3 (RuTPU)RU\TPU\subj\64341  |9 81247 
610 1 |a утопический социализм 
610 1 |a Французская революция 1789-1799 
610 1 |a Франция 
610 1 |a история 
610 1 |a 18 век 
610 1 |a письма 
686 |a Ю3(4ФР)6  |2 rubbk 
700 1 |a Бабеф  |b Г.  |g Гракх  |4 070 
702 1 |a Далин  |b В. М.  |g Виктор Моисеевич  |4 340 
801 0 |a RU  |b RuMRKP  |c 19950704  |g psbo 
801 1 |a RU  |b 63413507  |c 20151203 
801 2 |a RU  |b 63413507  |c 20180919  |g RCR 
942 |c BK